| 000 | 00684 a2200241 4500 | ||
|---|---|---|---|
| 650 | 0 |
_aTürk tiyatrosu _946501 |
|
| 999 |
_c22451 _d9113 |
||
| 001 | 22451 | ||
| 003 | TR-AnTOB | ||
| 005 | 20231130001317.0 | ||
| 008 | 041102s1991 tu tur | ||
| 020 | _a9754942307 | ||
| 040 |
_aTR-AnTOB _cTR-AnTOB |
||
| 041 | _atur | ||
| 050 |
_aPL248.T365 _bV4 1991 |
||
| 090 | _aPL248.T365 V4 1991 | ||
| 100 | 1 |
_aTaner, Haldun, _d1915-1986 _948216 |
|
| 245 | 0 |
_aVe değirmen dönerdi: lütfen dokunmayın / _cHaldun Taner. |
|
| 264 | 1 |
_aAnkara : _bBilgi Yayınevi, _c1991 |
|
| 300 |
_a188 p. : _bill. ; _c20 cm. |
||
| 490 | 0 |
_aBilgi Yayınları; 297. _aHaldun Taner, Bütün Oyunları; 5 |
|
| 902 | _a0007889 | ||
| 942 |
_cBK _2lcc |
||